Guide on developing a HRM plan

La Gestin̤ de Recursos Humanos (GRH) es un enfoque estratǧico y sistemt̀ico para gestionar personas en una forma que maximice su motivacin̤ y contribucin̤ hacia el conocimiento de los objetivos de la organizacin̤. Un plan GRH es un documento departamental donde se establecen que programas se requie...

Fuld beskrivelse

Saved in:
Bibliografiske detaljer
Andre forfattere: Civil Service Bureau
Format: Bog
Sprog:engelsk
Fag:
Online adgang:Guide on developing a HRM plan
Tags: Tilføj Tag
Ingen Tags, Vær først til at tagge denne postø!

MARC

LEADER 00000nam a22000004a 4500
001 vpro2181
005 20201223000000.0
008 120829s2007 ck # g## #001 0#eng#d
020
022
040 |a CO-BoINGC 
041 0 |a eng 
245 1 0 |a Guide on developing a HRM plan 
246 |a Gua̕ para desarrollar un plan de GRH 
264 |a Bogot ̀(Colombia) :  |b Revista VirtualPRO,  |c 2007 
520 3 |a La Gestin̤ de Recursos Humanos (GRH) es un enfoque estratǧico y sistemt̀ico para gestionar personas en una forma que maximice su motivacin̤ y contribucin̤ hacia el conocimiento de los objetivos de la organizacin̤. Un plan GRH es un documento departamental donde se establecen que programas se requieren en los siguientes aǫs para practicar GRH en el departamento. El objetivo de un plan GRH es ayudar al departamento a lograr su misin̤ objetivos a travš de una sistematizacin̤ y diseǫ sistemt̀icos de programas de GRH. El props̤ito de esta gua̕ es proporcionar ayuda prc̀tica a los departamentos en su esfuerzo para desarrollar un plan de GRH. La gua̕ destaca el modelo conceptual adoptado, describe los procedimientos a seguir e ilustra los procedimientos por medio de ejemplos. 
650 \ \ |a Trabajo y trabajadores 
650 \ \ |a Recursos humanos 
650 \ \ |a Mercado laboral 
650 \ \ |a Calidad de vida en el trabajo 
650 \ \ |a Labor and laboring classes 
650 \ \ |a Workmanship 
650 \ \ |a Labor supply 
650 \ \ |a Quality of work life 
650 \ \ |a Potencial humano 
650 \ \ |a Gestin̤ de recursos humanos 
650 \ \ |a Sistematizacin̤ 
650 \ \ |a Human potential 
650 \ \ |a Human resource management 
650 \ \ |a Systematization  
700 \ \ |a Civil Service Bureau 
856 |z Guide on developing a HRM plan  |u https://virtualpro.unach.elogim.com/biblioteca/guia-para-desarrollar-un-plan-de-grh